| 000 | 01383nam a2200349 a 4500 | ||
|---|---|---|---|
| 001 | ebr10660557 | ||
| 003 | CaPaEBR | ||
| 006 | m o u | ||
| 007 | cr cn||||||||| | ||
| 008 | 120319s2012 enka sb 001 0 eng d | ||
| 010 | _z 2012006812 | ||
| 020 | _z1848213611 | ||
| 020 | _z9781848213616 | ||
| 020 | _z9781118586129 (e-book) | ||
| 040 |
_aCaPaEBR _cCaPaEBR |
||
| 035 | _a(OCoLC)828424621 | ||
| 050 | 1 | 4 |
_aQA276.8 _b.B672 2012eb |
| 082 | 0 | 4 |
_a519.5 _223 |
| 100 | 1 |
_aBosq, Denis, _d1939- |
|
| 245 | 1 | 0 |
_aMathematical statistics and stochastic processes _h[electronic resource] / _cDenis Bosq. |
| 260 |
_aLondon : _bISTE ; _aHoboken, N.J. : _bWiley, _c2012. |
||
| 300 |
_axi, 286 p. : _bill. |
||
| 490 | 0 | _aApplied stochastic methods series | |
| 504 | _aIncludes bibliographical references and index. | ||
| 505 | 0 | _apt. 1. Mathematical statistics -- pt. 2. Statistics for stochastic processes -- pt. 3. Supplement. | |
| 533 |
_aElectronic reproduction. _bPalo Alto, Calif. : _cebrary, _d2015. _nAvailable via World Wide Web. _nAccess may be limited to ebrary affiliated libraries. |
||
| 650 | 0 | _aMathematical statistics. | |
| 650 | 0 | _aStochastic processes. | |
| 655 | 7 |
_aElectronic books. _2local |
|
| 710 | 2 | _aebrary, Inc. | |
| 856 | 4 | 0 |
_uhttp://site.ebrary.com/lib/rucke/Doc?id=10660557 _zAn electronic book accessible through the World Wide Web; click to view |
| 999 |
_c67805 _d67805 |
||